| 000 | 004060000a22001690004500 | ||
|---|---|---|---|
| 003 | MACL | ||
| 005 | 20160113161450.0 | ||
| 008 | 160113b xxu||||| |||| 00| 0 eng d | ||
| 040 |
_aMACL _cMACL |
||
| 041 | _aEnglish | ||
| 082 | _a953/PHI | ||
| 100 |
_aPhilby, H St J B _931969 |
||
| 245 | _aArabia | ||
| 260 |
_bErnest Benn Limited _c1930 _aLondon |
||
| 650 |
_aHistory _931970 |
||
| 942 |
_cBK _k953/Phi _2ddc |
||
| 999 |
_c36704 _d36704 |
||